00250nam a22001097a 4500003000500000005001700005020001500022082001400037245003700051260004200088300001000130NUST20251009175508.0 a0710615604 a358.8,SPA aJane's Space Directory 1997-98 / aU.K bJane's Information Group c1997 a551 p